[Event "SLO-chT3 West"]
[Site "Komenda"]
[Date "2022.12.11"]
[Round "4.1"]
[White "Butala, Marjan"]
[Black "Zamar Kodelja, Jurij"]
[Result "0-1"]
[WhiteElo "1879"]
[BlackElo "2256"]
[PlyCount "118"]
[EventDate "2022.12.09"]
[EventType "team-swiss"]
[EventRounds "5"]
[EventCountry "SLO"]
[SourceTitle "EXT 2024"]
[Source "ChessBase"]
[SourceDate "2023.10.10"]
[SourceVersion "1"]
[SourceVersionDate "2023.10.10"]
[SourceQuality "1"]
[WhiteTeam "Ljubljana Karel Jeraj"]
[BlackTeam "Nova Gorica"]
[WhiteTeamCountry "SLO"]
[BlackTeamCountry "SLO"]

1. c4 Nf6 2. Nc3 g6 3. g3 Bg7 4. Bg2 0-0 5. Nf3 d6 6. d4 Nbd7 7. 0-0 e5 8. e4 c6 9. h3 Qb6 10. d5 cxd5 11. cxd5 Nc5 12. Qe2 Bd7 13. Re1 Rfc8 14. g4 a5 15. Bg5 a4 16. Rac1 Qb4 17. Bxf6 Bxf6 18. Qd2 Bd8 19. Bf1 Kg7 20. Nb5 Qxd2 21. Nxd2 Ba5 22. Rcd1 Bxb5 23. Bxb5 Kf6 24. Re3 Bxd2 25. Rxd2 Ra5 26. Bf1 Nd7 27. Rf3+ Ke7 28. g5 Rc1 29. Kg2 Rac5 30. Ra3 R5c2 31. Rxc2 Rxc2 32. Rxa4 Rxb2 33. Kf3 Nc5 34. Ra3 Rb4 35. Re3 Ra4 36. a3 f6 37. gxf6+ Kxf6 38. h4 g5 39. hxg5+ Kxg5 40. Bh3 h5 41. Bf5 h4 42. Kg2 Rd4 43. Bc8 Rd2 44. Rf3 Rb2 45. Rf5+ Kg6 46. Rf3 Kg7 47. Bf5 Kh6 48. Kh3 Kg5 49. Bh7 Rb3 50. Re3 b6 51. Bf5 Kf4 52. Rxb3 Nxb3 53. Kxh4 Nd2 54. Kh5 Nxe4 55. Kg6 Nxf2 56. Bc2 e4 57. Bb3 e3 58. Bc4 Ke4 59. Kf6 Nd3 0-1

[Event "Ljubljana-chT 74th"]
[Site "Ljubljana"]
[Date "2022.03.03"]
[Round "7.1"]
[White "Butala, Marjan"]
[Black "Turek, Lan Timotej"]
[Result "1/2-1/2"]
[WhiteElo "1870"]
[BlackElo "2038"]
[PlyCount "140"]
[EventDate "2022.01.13"]
[EventType "team-swiss"]
[EventRounds "9"]
[EventCountry "SLO"]
[SourceTitle "EXT 2024"]
[Source "ChessBase"]
[SourceDate "2023.10.10"]
[SourceVersion "1"]
[SourceVersionDate "2023.10.10"]
[SourceQuality "1"]
[WhiteTeam "Ljubljana Karel Jeraj"]
[BlackTeam "Domzale SD"]
[WhiteTeamCountry "SLO"]
[BlackTeamCountry "SLO"]

1. Nf3 Nf6 2. d4 d6 3. Nc3 Nbd7 4. e4 e5 5. Bc4 Be7 6. 0-0 0-0 7. Re1 c6 8. a4 a5 9. h3 Qc7 10. Bg5 Re8 11. Qd2 Nf8 12. Bb3 Ne6 13. Be3 exd4 14. Bxd4 Nxd4 15. Nxd4 Bf8 16. Rad1 Qb6 17. Qf4 Qc5 18. Re3 Qe5 19. Qxe5 dxe5 20. Nf3 Be6 21. Bxe6 Rxe6 22. Red3 Ree8 23. g4 h6 24. Kf1 Bb4 25. Nd2 Rad8 26. f3 Rxd3 27. cxd3 Nd7 28. Nb3 Nb6 29. Ra1 Rd8 30. Ke2 h5 31. Nd1 hxg4 32. hxg4 Rd6 33. Ne3 Rh6 34. Kf2 Nd7 35. Rc1 b6 36. Kg2 Nc5 37. Nxc5 Bxc5 38. Nf5 Re6 39. Rc4 g6 40. d4 exd4 41. Nxd4 Rd6 42. Nb3 Be3 43. Rc3 Bf4 44. Kf2 Kg7 45. Ke2 Be5 46. Rc2 Kf6 47. Nc1 Kg5 48. Nd3 Bd4 49. b4 Kh4 50. bxa5 bxa5 51. Rc4 Kg3 52. Nc5 Bg1 53. g5 Rd8 54. Nd3 Rh8 55. Ne5 Rh2+ 56. Kd3 Kf4 57. Nxf7 Rh7 58. e5+ Kf5 59. e6 Kxe6 60. Nd8+ Kd5 61. Nxc6 Rc7 62. f4 Rh7 63. Rc1 Rh3+ 64. Ke2 Bb6 65. Ne7+ Ke4 66. Rc4+ Bd4 67. Nc6 Rh2+ 68. Kd1 Rh1+ 69. Kc2 Rh2+ 70. Kb3 Rh3+ 1/2-1/2

[Event "Oskarja Memorial 10th"]
[Site "Chess.com INT"]
[Date "2021.01.16"]
[Round "11"]
[White "Bacic, Domagoj"]
[Black "Butala, Marjan"]
[Result "1-0"]
[WhiteElo "1758"]
[BlackElo "1984"]
[PlyCount "109"]
[EventDate "2021.01.16"]
[EventType "swiss (blitz)"]
[EventRounds "15"]
[EventCountry "SLO"]
[SourceTitle "CBM 200 Extra"]
[Source "ChessBase"]
[SourceDate "2021.03.31"]
[SourceVersion "1"]
[SourceVersionDate "2021.03.31"]
[SourceQuality "1"]

1. c4 e5 2. Nc3 Nc6 3. Nf3 Bc5 4. e3 d6 5. Be2 Nf6 6. d4 exd4 7. exd4 Bb6 8. Be3 0-0 9. 0-0 h6 10. h3 Bf5 11. a3 a5 12. Qd2 Re8 13. Bd3 Qd7 14. Kh2 Ne4 15. Bxe4 Bxe4 16. Nxe4 Rxe4 17. Qd3 Re7 18. Rad1 Rae8 19. Rfe1 Nd8 20. b4 axb4 21. axb4 c6 22. c5 dxc5 23. Ne5 Qd5 24. bxc5 Bc7 25. f4 f6 26. Ng6 Re4 27. g3 Nf7 28. Bf2 Rxe1 29. Rxe1 Rxe1 30. Bxe1 Qe6 31. Bf2 h5 32. h4 Nh6 33. Kg2 Nf5 34. Kf3 Nxd4+ 35. Qxd4 Qg4+ 36. Kg2 Qxg6 37. Qd7 Qe4+ 38. Kg1 Ba5 39. Qc8+ Kh7 40. Qxb7 Be1 41. Qb2 Bxf2+ 42. Qxf2 Qb1+ 43. Kh2 Qe4 44. Kg1 Kg6 45. Kh2 Qd5 46. Qc2+ f5 47. Kg1 Kf6 48. Kf2 Qd4+ 49. Kg2 Qe4+ 50. Qxe4 fxe4 51. Kf2 Kf5 52. Ke3 g6 53. Kd4 Kg4 54. Kxe4 Kxg3 55. Ke5 1-0

[Event "Oskarja Memorial 10th"]
[Site "Chess.com INT"]
[Date "2021.01.16"]
[Round "8"]
[White "Butala, Marjan"]
[Black "Jazbec, Hinko"]
[Result "1-0"]
[WhiteElo "1984"]
[BlackElo "1971"]
[PlyCount "63"]
[EventDate "2021.01.16"]
[EventType "swiss (blitz)"]
[EventRounds "15"]
[EventCountry "SLO"]
[SourceTitle "CBM 200 Extra"]
[Source "ChessBase"]
[SourceDate "2021.03.31"]
[SourceVersion "1"]
[SourceVersionDate "2021.03.31"]
[SourceQuality "1"]

1. e4 e5 2. Nf3 d6 3. Bc4 Be7 4. d4 exd4 5. Qxd4 Nf6 6. Nc3 0-0 7. Bg5 Nc6 8. Qd2 a6 9. a4 Bg4 10. Nd4 Ne5 11. Bb3 c5 12. Nf5 Bxf5 13. exf5 c4 14. Ba2 b5 15. b4 Rb8 16. axb5 axb5 17. Bb1 Nc6 18. Ne2 d5 19. Bxf6 Bxf6 20. Ra6 c3 21. Qd1 Nxb4 22. Rxf6 Qxf6 23. 0-0 Rfd8 24. Nd4 Nc6 25. Nf3 d4 26. Ba2 Qxf5 27. h4 Nb4 28. Bb3 h6 29. Re1 d3 30. cxd3 Qxd3 31. Qxd3 Rxd3 32. Re7 1-0

[Event "Oskarja Memorial 10th"]
[Site "Chess.com INT"]
[Date "2021.01.16"]
[Round "6"]
[White "Butala, Marjan"]
[Black "Kvaternik, Kresimir"]
[Result "1/2-1/2"]
[WhiteElo "1984"]
[BlackElo "1881"]
[PlyCount "91"]
[EventDate "2021.01.16"]
[EventType "swiss (blitz)"]
[EventRounds "15"]
[EventCountry "SLO"]
[SourceTitle "CBM 200 Extra"]
[Source "ChessBase"]
[SourceDate "2021.03.31"]
[SourceVersion "1"]
[SourceVersionDate "2021.03.31"]
[SourceQuality "1"]

1. e4 c5 2. Nc3 d6 3. g3 Nc6 4. Bg2 g6 5. Nf3 Bg7 6. 0-0 e6 7. d3 Nge7 8. Re1 0-0 9. a4 a6 10. Be3 b6 11. Qd2 Bb7 12. Bh6 d5 13. Bxg7 Kxg7 14. exd5 Nxd5 15. Ne4 Ra7 16. Rad1 Nd4 17. c3 Nxf3+ 18. Bxf3 h6 19. h4 Nf6 20. Qf4 Nxe4 21. dxe4 Qe7 22. Rd2 Rd8 23. Red1 Rxd2 24. Rxd2 Bc6 25. Qd6 Rd7 26. Qxe7 Rxe7 27. a5 bxa5 28. Rd6 Bb5 29. e5 Rd7 30. Bd1 Rxd6 31. exd6 Kf8 32. f4 Ke8 33. h5 Bd3 34. hxg6 fxg6 35. Ba4+ Kd8 36. Bc6 Bb5 37. Be4 g5 38. f5 Kd7 39. fxe6+ Kxe6 40. Kf2 Kxd6 41. Ke3 Ke5 42. Bg6 Bc4 43. Bh5 Bb5 44. Bg6 Bc4 45. Bh5 Bb5 46. Bg6 1/2-1/2

[Event "Oskarja Memorial 10th"]
[Site "Chess.com INT"]
[Date "2021.01.16"]
[Round "2"]
[White "Butala, Marjan"]
[Black "Ribic, Ivan"]
[Result "0-1"]
[WhiteElo "1984"]
[BlackElo "2165"]
[PlyCount "49"]
[EventDate "2021.01.16"]
[EventType "swiss (blitz)"]
[EventRounds "15"]
[EventCountry "SLO"]
[SourceTitle "CBM 200 Extra"]
[Source "ChessBase"]
[SourceDate "2021.03.31"]
[SourceVersion "1"]
[SourceVersionDate "2021.03.31"]
[SourceQuality "1"]

1. e4 Nf6 2. e5 Nd5 3. c4 Nb6 4. d4 d6 5. f4 dxe5 6. fxe5 Nc6 7. Be3 Bf5 8. Nc3 e6 9. Be2 Qd7 10. Nf3 0-0-0 11. c5 Nd5 12. Nxd5 Qxd5 13. Qd2 Bg4 14. Rd1 Be7 15. a3 f6 16. h3 Bh5 17. 0-0 fxe5 18. g4 exd4 19. Nxd4 Nxd4 20. gxh5 Bxc5 21. Bxd4 Bxd4+ 22. Kh2 Be5+ 23. Kg1 Qxd2 24. Rxd2 Rxd2 25. Bg4 0-1

[Event "Oskarja Memorial 10th"]
[Site "Chess.com INT"]
[Date "2021.01.16"]
[Round "7"]
[White "Kos, Jernej"]
[Black "Butala, Marjan"]
[Result "0-1"]
[WhiteElo "1244"]
[BlackElo "1984"]
[PlyCount "52"]
[EventDate "2021.01.16"]
[EventType "swiss (blitz)"]
[EventRounds "15"]
[EventCountry "SLO"]
[SourceTitle "CBM 200 Extra"]
[Source "ChessBase"]
[SourceDate "2021.03.31"]
[SourceVersion "1"]
[SourceVersionDate "2021.03.31"]
[SourceQuality "1"]

1. d4 Nf6 2. Bg5 e6 3. c4 Be7 4. Nc3 c6 5. e4 d5 6. e5 Ne4 7. Nxe4 dxe4 8. Bxe7 Qxe7 9. c5 Nd7 10. Qc2 f5 11. exf6 Nxf6 12. Bc4 0-0 13. Ne2 b6 14. b4 a5 15. bxa5 bxc5 16. dxc5 Kh8 17. 0-0 Rxa5 18. Bb3 Qxc5 19. Rfc1 Qg5 20. Ng3 e3 21. f3 h5 22. Qxc6 h4 23. Ne2 Nd5 24. Bxd5 Rxd5 25. Rd1 Rd2 26. Nc3 Qxg2# 0-1

[Event "Oskarja Memorial 10th"]
[Site "Chess.com INT"]
[Date "2021.01.16"]
[Round "3"]
[White "Slejko, Vladimir"]
[Black "Butala, Marjan"]
[Result "1-0"]
[WhiteElo "1894"]
[BlackElo "1984"]
[PlyCount "91"]
[EventDate "2021.01.16"]
[EventType "swiss (blitz)"]
[EventRounds "15"]
[EventCountry "SLO"]
[SourceTitle "CBM 200 Extra"]
[Source "ChessBase"]
[SourceDate "2021.03.31"]
[SourceVersion "1"]
[SourceVersionDate "2021.03.31"]
[SourceQuality "1"]

1. b3 e5 2. Bb2 Nc6 3. g3 d5 4. Bg2 Be6 5. h3 Qd7 6. e3 f5 7. Ne2 Nf6 8. a3 a6 9. d3 Be7 10. Qd2 0-0 11. 0-0 f4 12. exf4 Bxh3 13. fxe5 Nh5 14. f4 Bxg2 15. Kxg2 Qg4 16. Rf3 Rae8 17. Nbc3 Qe6 18. Rh1 g6 19. d4 Nd8 20. Nd1 b6 21. Nf2 c5 22. c3 a5 23. g4 Ng7 24. Ng3 Nc6 25. Qd3 cxd4 26. cxd4 Rc8 27. f5 gxf5 28. gxf5 Nxf5 29. Rxf5 Rxf5 30. Qxf5 Qxf5 31. Nxf5 Bf8 32. Rc1 Na7 33. Rxc8 Nxc8 34. e6 Be7 35. Ng4 Bg5 36. Ne5 Ne7 37. Nxe7+ Bxe7 38. Bc1 Kg7 39. Nd7 b5 40. a4 b4 41. Bf4 Kg6 42. Nb6 Kf5 43. Nxd5 Bf8 44. e7 Bxe7 45. Nxe7+ Kxf4 46. d5 1-0

[Event "SLO-chT Central 21st"]
[Site "Slovenia"]
[Date "2020.10.01"]
[Round "3.1"]
[White "Butala, Marjan"]
[Black "Baric, Dusan"]
[Result "1-0"]
[WhiteElo "1925"]
[BlackElo "2016"]
[PlyCount "59"]
[EventDate "2020.09.17"]
[EventType "team-swiss"]
[EventRounds "5"]
[EventCountry "SLO"]
[SourceTitle "EXT 2024"]
[Source "ChessBase"]
[SourceDate "2023.10.10"]
[SourceVersion "1"]
[SourceVersionDate "2023.10.10"]
[SourceQuality "1"]
[WhiteTeam "Ljubljana Karel Jeraj"]
[BlackTeam "Visnja Gora Sticna"]
[WhiteTeamCountry "SLO"]
[BlackTeamCountry "SLO"]

1. Nf3 c5 2. c4 Nf6 3. Nc3 d5 4. d4 cxd4 5. Nxd5 Nxd5 6. cxd5 Qxd5 7. Qxd4 Qxd4 8. Nxd4 e5 9. Nb5 Bb4+ 10. Bd2 Bxd2+ 11. Kxd2 Na6 12. e4 0-0 13. Bc4 Nc5 14. Ke3 a6 15. Nc7 Rb8 16. Rac1 Nd7 17. a4 Nf6 18. f3 Bd7 19. Bb3 Rfd8 20. Rhd1 Bc6 21. Nxa6 Rxd1 22. Bxd1 Rd8 23. Nb4 Be8 24. Bb3 Rd4 25. Nd5 Kf8 26. Rc8 Nxd5+ 27. Bxd5 f5 28. b3 fxe4 29. fxe4 Rb4 30. Rb8 1-0

[Event "SLO-chT Central 21st"]
[Site "Slovenia"]
[Date "2020.09.17"]
[Round "1.1"]
[White "Butala, Marjan"]
[Black "Osolin, Bojan"]
[Result "0-1"]
[WhiteElo "1925"]
[BlackElo "2088"]
[PlyCount "76"]
[EventDate "2020.09.17"]
[EventType "team-swiss"]
[EventRounds "5"]
[EventCountry "SLO"]
[SourceTitle "EXT 2024"]
[Source "ChessBase"]
[SourceDate "2023.10.10"]
[SourceVersion "1"]
[SourceVersionDate "2023.10.10"]
[SourceQuality "1"]
[WhiteTeam "Ljubljana Karel Jeraj"]
[BlackTeam "Domzale SD"]
[WhiteTeamCountry "SLO"]
[BlackTeamCountry "SLO"]

1. Nf3 Nf6 2. c4 c5 3. Nc3 d5 4. cxd5 Nxd5 5. g3 Nc6 6. Bg2 Nc7 7. d3 e5 8. 0-0 Be7 9. Be3 Bd7 10. Rc1 b6 11. a3 0-0 12. Nd2 Rc8 13. Nc4 f6 14. Nd5 Nxd5 15. Bxd5+ Kh8 16. Bg2 Be6 17. a4 Qd7 18. Re1 Rfd8 19. b3 Bd5 20. f3 Rb8 21. Na3 Qe6 22. Rb1 Na5 23. Nc4 Nxc4 24. bxc4 Bxc4 25. Qc2 Bd5 26. Rec1 Rdc8 27. Bf2 c4 28. d4 exd4 29. Bxd4 Bc5 30. Bxc5 Rxc5 31. e4 Bb7 32. Rb5 Re8 33. Rd1 Qe7 34. Bh3 Rd8 35. Kg2 Rc7 36. Rbd5 Bxd5 37. exd5 c3 38. Qd3 Rf8 0-1

[Event "Portoroz Nat Festival 30th"]
[Site "Portoroz"]
[Date "2020.09.03"]
[Round "1"]
[White "Jelen, Igor"]
[Black "Butala, Marjan"]
[Result "1-0"]
[WhiteElo "2334"]
[BlackElo "1925"]
[PlyCount "75"]
[EventDate "2020.09.03"]
[EventType "swiss"]
[EventRounds "9"]
[EventCountry "SLO"]
[SourceTitle "CBM 198 Extra"]
[Source "ChessBase"]
[SourceDate "2020.11.30"]
[SourceVersion "1"]
[SourceVersionDate "2020.11.30"]
[SourceQuality "1"]

1. d4 Nf6 2. c4 g6 3. Nc3 Bg7 4. e4 d6 5. Be2 Na6 6. Nf3 c5 7. 0-0 0-0 8. Re1 cxd4 9. Nxd4 Nc5 10. f3 a6 11. Be3 Bd7 12. Rc1 e5 13. Nc2 Bc6 14. Qd2 Qe7 15. Red1 Rfd8 16. b4 Na4 17. Nxa4 Bxa4 18. Bb6 Rd7 19. Qe3 Rc8 20. Qa3 Bxc2 21. Rxc2 Bh6 22. Rc3 Rc6 23. Qa5 Nh5 24. b5 axb5 25. cxb5 Rxc3 26. Qxc3 Nf4 27. Bf1 Qe6 28. a4 Kg7 29. g3 Nh3+ 30. Bxh3 Qxh3 31. a5 Bg5 32. a6 bxa6 33. bxa6 Bd8 34. Bf2 Rc7 35. Qd3 Be7 36. a7 Rc8 37. Qd5 Rc2 38. Rf1 1-0

[Event "SLO-chT Central 20th"]
[Site "Slovenia"]
[Date "2019.10.24"]
[Round "7.3"]
[White "Ocepek, Marjan"]
[Black "Butala, Marjan"]
[Result "0-1"]
[WhiteElo "1581"]
[BlackElo "1936"]
[PlyCount "108"]
[EventDate "2019.09.12"]
[EventType "team-tourn"]
[EventRounds "7"]
[EventCountry "SLO"]
[SourceTitle "EXT 2024"]
[Source "ChessBase"]
[SourceDate "2023.10.10"]
[SourceVersion "1"]
[SourceVersionDate "2023.10.10"]
[SourceQuality "1"]
[WhiteTeam "Menges Trzin"]
[BlackTeam "Visnja Gora Sticna"]
[WhiteTeamCountry "SLO"]
[BlackTeamCountry "SLO"]

1. d4 Nf6 2. Bg5 Ne4 3. Bf4 c5 4. f3 Qa5+ 5. c3 Nf6 6. d5 d6 7. e4 b5 8. b3 g6 9. Qd2 Bg7 10. Bh6 Bxh6 11. Qxh6 Nbd7 12. Qe3 c4 13. b4 Qb6 14. Qxb6 Nxb6 15. Ne2 e5 16. dxe6 fxe6 17. Nd4 Bd7 18. Na3 a6 19. 0-0-0 Ke7 20. g4 e5 21. Ne2 Bc6 22. Bg2 d5 23. g5 Nh5 24. Nc2 dxe4 25. fxe4 Rad8 26. Rdf1 Rhf8 27. Bf3 Rxf3 28. Rxf3 Bxe4 29. Rhf1 Bxf3 30. Rxf3 Rd3 31. Rf2 Nd5 32. Ne1 Rh3 33. Nf3 e4 34. Neg1 Rxf3 35. Nxf3 exf3 36. Rxf3 Nhf4 37. Kd2 Ke6 38. a3 Kf5 39. Rg3 Ne6 40. h4 Nef4 41. Kc2 Ke4 42. Kd2 Nh5 43. Rg4+ Ndf4 44. Rg1 Nd3 45. Rf1 Nhf4 46. Rg1 Kf3 47. Kd1 Nf2+ 48. Kd2 Ne4+ 49. Kd1 Nxc3+ 50. Kc2 Ne4 51. Re1 Nd3 52. Rg1 Ng3 53. Kd2 Kf2 54. Ra1 Nf5 0-1

[Event "Ljubljana-chT 72nd Superliga"]
[Site "Ljubljana"]
[Date "2019.03.14"]
[Round "7.2"]
[White "Butala, Marjan"]
[Black "Sivic, Klemen"]
[Result "1/2-1/2"]
[WhiteElo "1941"]
[BlackElo "2067"]
[PlyCount "82"]
[EventDate "2019.01.10"]
[EventType "team-tourn"]
[EventRounds "7"]
[EventCountry "SLO"]
[SourceTitle "EXT 2024"]
[Source "ChessBase"]
[SourceDate "2023.10.10"]
[SourceVersion "1"]
[SourceVersionDate "2023.10.10"]
[SourceQuality "1"]
[WhiteTeam "Visnja Gora Sticna"]
[BlackTeam "Trzin Buscotrade"]
[WhiteTeamCountry "SLO"]
[BlackTeamCountry "SLO"]

1. c4 e5 2. Nc3 Nc6 3. g3 Bc5 4. Bg2 d6 5. d3 Bg4 6. h3 Be6 7. Nf3 Qd7 8. Ng5 Bf5 9. a3 h6 10. Nge4 Bb6 11. Nd5 Be6 12. Nec3 Nge7 13. Nxb6 axb6 14. Nd5 Bxd5 15. cxd5 Nb4 16. Bxh6 Nxd3+ 17. Qxd3 Rxh6 18. h4 f5 19. e4 fxe4 20. Bxe4 0-0-0 21. 0-0-0 Rf6 22. Bg2 Qa4 23. Bh3+ Kb8 24. f3 c6 25. Qe4 Qxe4 26. fxe4 Rf3 27. Be6 Kc7 28. h5 Rxg3 29. Rhg1 Rxg1 30. Rxg1 Rh8 31. Rxg7 Kd8 32. Bf7 cxd5 33. Bxd5 Nxd5 34. exd5 Rxh5 35. Rxb7 e4 36. Rxb6 Rxd5 37. Rb4 Rc5+ 38. Kd2 d5 39. Rd4 Kc7 40. b4 Rb5 41. a4 Rb8 1/2-1/2

[Event "Ljubljana-chT 72nd Superliga"]
[Site "Ljubljana"]
[Date "2019.02.14"]
[Round "5.3"]
[White "Brcar, Ales"]
[Black "Butala, Marjan"]
[Result "1/2-1/2"]
[WhiteElo "2133"]
[BlackElo "1941"]
[PlyCount "88"]
[EventDate "2019.01.10"]
[EventType "team-tourn"]
[EventRounds "7"]
[EventCountry "SLO"]
[SourceTitle "EXT 2024"]
[Source "ChessBase"]
[SourceDate "2023.10.10"]
[SourceVersion "1"]
[SourceVersionDate "2023.10.10"]
[SourceQuality "1"]
[WhiteTeam "Medvode"]
[BlackTeam "Visnja Gora Sticna"]
[WhiteTeamCountry "SLO"]
[BlackTeamCountry "SLO"]

1. d4 Nf6 2. c4 g6 3. Nc3 Bg7 4. e4 0-0 5. f3 d6 6. Bg5 Nc6 7. Nge2 e5 8. d5 Na5 9. Ng3 c5 10. Qd2 a6 11. Be2 Rb8 12. 0-0 Qc7 13. Rfc1 b6 14. Be3 Re8 15. Rab1 Bd7 16. b4 Nb7 17. a3 h5 18. Qc2 h4 19. Nh1 Nh5 20. Na4 b5 21. cxb5 axb5 22. bxc5 dxc5 23. Nxc5 Nxc5 24. Qxc5 Qxc5 25. Rxc5 Ra8 26. Rc3 Nf4 27. Bf1 Bf8 28. g3 hxg3 29. hxg3 Nh5 30. Rc7 Red8 31. Bc1 Bxa3 32. Bxa3 Rxa3 33. Kg2 Ra2+ 34. Nf2 Bh3+ 35. Kxh3 Rxf2 36. Rc3 b4 37. Rcb3 Kg7 38. g4 Nf4+ 39. Kg3 Rd2 40. Rxb4 Rh8 41. R4b2 Rhh2 42. Rxd2 Rxd2 43. Rb6 g5 44. Ra6 Kh7 1/2-1/2

[Event "SLO-chT3 West"]
[Site "Komenda"]
[Date "2018.12.08"]
[Round "2.2"]
[White "Butala, Marjan"]
[Black "Logar, Metod"]
[Result "0-1"]
[WhiteElo "1941"]
[BlackElo "1955"]
[PlyCount "96"]
[EventDate "2018.12.07"]
[EventType "team-tourn"]
[EventRounds "5"]
[EventCountry "SLO"]
[SourceTitle "EXT 2020"]
[Source "ChessBase"]
[SourceDate "2019.10.17"]
[SourceVersion "1"]
[SourceVersionDate "2019.10.17"]
[SourceQuality "1"]
[WhiteTeam "Visnja Gora Sticna"]
[BlackTeam "Prevodi Dvojka II"]
[WhiteTeamCountry "SLO"]
[BlackTeamCountry "SLO"]

1. c4 Nf6 2. Nc3 e6 3. d4 Bb4 4. Bd2 b6 5. Qb3 Nc6 6. Nf3 0-0 7. Bg5 h6 8. Bh4 g5 9. Bg3 Ne4 10. d5 Bxc3+ 11. bxc3 Na5 12. Qb4 d6 13. h4 g4 14. Nd2 Nxg3 15. fxg3 Qf6 16. 0-0-0 Qe5 17. e4 Qxg3 18. Kc2 Nb7 19. Nb3 Bd7 20. c5 Nxc5 21. Rd2 a5 22. Qc4 b5 23. Qe2 Nxb3 24. Rd3 Qf4 25. Kxb3 exd5 26. exd5 b4 27. Qd2 Ba4+ 28. Kb2 bxc3+ 29. Qxc3 Rab8+ 30. Ka3 Rb4 31. Be2 Bd7 32. Rf1 Ra4+ 33. Kb2 Qb4+ 34. Ka1 Rb8 35. Rc1 Bf5 36. Qxb4 Raxb4 37. Rb3 Rxb3 38. axb3 Rxb3 39. Rxc7 a4 40. Rc4 Rg3 41. Bf1 Re3 42. Kb2 a3+ 43. Ka1 Be4 44. Rd4 f5 45. Rd2 Kg7 46. Bb5 Kf6 47. Bd7 Ke5 48. Be6 Rg3 0-1

[Event "SLO-chT Central 19th"]
[Site "Slovenia"]
[Date "2018.10.11"]
[Round "5.2"]
[White "Butala, Marjan"]
[Black "Lah, Emil"]
[Result "1/2-1/2"]
[WhiteElo "1932"]
[BlackElo "1963"]
[PlyCount "59"]
[EventDate "2018.09.13"]
[EventType "team-tourn"]
[EventRounds "7"]
[EventCountry "SLO"]
[SourceTitle "EXT 2021"]
[Source "ChessBase"]
[SourceDate "2020.10.23"]
[SourceVersion "1"]
[SourceVersionDate "2020.10.23"]
[SourceQuality "1"]
[WhiteTeam "Visnja Gora Sticna"]
[BlackTeam "Trzin Buscotrade"]
[WhiteTeamCountry "SLO"]
[BlackTeamCountry "SLO"]

1. e4 c5 2. Nc3 Nc6 3. g3 g6 4. Bg2 Bg7 5. Nf3 e6 6. 0-0 Nge7 7. Re1 d5 8. exd5 exd5 9. d4 cxd4 10. Nb5 Bg4 11. Bg5 0-0 12. Bxe7 Nxe7 13. Nbxd4 Nc6 14. Qd2 Bxf3 15. Nxf3 Bxb2 16. Rab1 Qf6 17. Qxd5 Bc3 18. Re4 Rae8 19. Qb5 Re7 20. h4 Rd8 21. Qe2 Kg7 22. Bh3 Rc7 23. Kg2 Nd4 24. Qd3 Qxf3+ 25. Qxf3 Nxf3 26. Kxf3 b6 27. Bf1 Rc6 28. Bd3 Rf6+ 29. Ke2 Bd4 30. f4 1/2-1/2

[Event "SLO-chT Central 19th"]
[Site "Slovenia"]
[Date "2018.09.20"]
[Round "2.2"]
[White "Lucovnik, Tilen"]
[Black "Butala, Marjan"]
[Result "1/2-1/2"]
[WhiteElo "2085"]
[BlackElo "1932"]
[PlyCount "85"]
[EventDate "2018.09.13"]
[EventType "team-tourn"]
[EventRounds "7"]
[EventCountry "SLO"]
[SourceTitle "EXT 2021"]
[Source "ChessBase"]
[SourceDate "2020.10.23"]
[SourceVersion "1"]
[SourceVersionDate "2020.10.23"]
[SourceQuality "1"]
[WhiteTeam "Komenda Popotnik"]
[BlackTeam "Visnja Gora Sticna"]
[WhiteTeamCountry "SLO"]
[BlackTeamCountry "SLO"]

1. e4 e5 2. Nf3 Nc6 3. d4 exd4 4. Nxd4 Bc5 5. Nxc6 Qf6 6. Qf3 dxc6 7. Bc4 Qxf3 8. gxf3 Nf6 9. Bf4 Bd6 10. Be3 Be6 11. Nd2 Nh5 12. Bxe6 fxe6 13. Nc4 b6 14. Rd1 0-0-0 15. Bg5 Rd7 16. Ke2 e5 17. Rd3 Re8 18. Rhd1 Re6 19. Kf1 h6 20. Bd2 Rf7 21. Bc3 Ref6 22. Nxd6+ cxd6 23. Rxd6 Rxf3 24. R1d2 Nf6 25. Rd8+ Kb7 26. Bxe5 Nxe4 27. R2d7+ Ka6 28. Rxf7 Rxf7 29. Bd4 c5 30. Be3 Kb5 31. Ke2 Kc6 32. f3 Nd6 33. b3 Nf5 34. Bf2 Nd6 35. c4 Kc7 36. Ra8 Kb7 37. Rg8 Nf5 38. Re8 Ne7 39. Be1 Nf5 40. Bf2 Kc6 41. Rd8 Kc7 42. Ra8 Kb7 43. Re8 1/2-1/2

[Event "SLO-ch 28th"]
[Site "Ljubljana"]
[Date "2018.04.28"]
[Round "3"]
[White "Butala, Marjan"]
[Black "Kavcic, Zan"]
[Result "0-1"]
[WhiteElo "1981"]
[BlackElo "2316"]
[PlyCount "138"]
[EventDate "2018.04.27"]
[EventType "swiss"]
[EventRounds "9"]
[EventCountry "SLO"]
[SourceTitle "CBM 184 Extra"]
[Source "ChessBase"]
[SourceDate "2018.06.28"]
[SourceVersion "1"]
[SourceVersionDate "2018.06.28"]
[SourceQuality "1"]

1. c4 Nf6 2. Nc3 d5 3. cxd5 Nxd5 4. g3 e5 5. Bg2 Nb6 6. Nf3 Nc6 7. d3 Be7 8. 0-0 0-0 9. Be3 Be6 10. Ne4 Nd5 11. Bc5 f6 12. Rc1 b6 13. Qa4 Qe8 14. Bxe7 Ncxe7 15. Qxe8 Rfxe8 16. a3 c5 17. e3 Red8 18. h3 Nf5 19. Rfe1 Rac8 20. Nc3 Nde7 21. g4 Nd6 22. d4 Nc4 23. Re2 Kf7 24. dxe5 Nxe5 25. Nxe5+ fxe5 26. Ne4 h6 27. Rd2 Rxd2 28. Nxd2 Rd8 29. Nc4 Kf6 30. Be4 g5 31. Kg2 b5 32. Na5 c4 33. Rc2 Rd1 34. Nc6 Nxc6 35. Bxc6 a6 36. Bf3 Rd3 37. Be4 Rd1 38. Bf3 Rd6 39. Be4 Bf7 40. Kf3 h5 41. Ke2 hxg4 42. hxg4 Be6 43. f3 Rd8 44. Kf2 Ke7 45. Ke1 Rh8 46. Rf2 Kd6 47. Bf5 Bd5 48. Kd2 a5 49. f4 exf4 50. exf4 gxf4 51. Rxf4 Rh2+ 52. Kc1 b4 53. axb4 axb4 54. Rd4 Ke5 55. Rd2 Rh1+ 56. Rd1 Rh8 57. Re1+ Kd4 58. Rd1+ Kc5 59. Re1 Rh2 60. Be4 Bxe4 61. Rxe4 Rg2 62. b3 cxb3 63. Rf4 Kb5 64. Rf5+ Ka4 65. g5 b2+ 66. Kb1 Ka3 67. Rf3+ b3 68. Rf1 Rxg5 69. Rd1 Rc5 0-1